000 00542nam a22001817a 4500
999 _c62688
_d62688
003 Ge_BSU
005 20250123114053.0
008 250123s2021 enk||||| |||| 00| 0 eng d
020 _a9781785043666x
041 _aeng
080 _a159.9 E-68
100 _a Erikson, Thomas
_924096
245 _aSurrounded by Setbacks:
_bOr, How to Succeed When Everything's Gone Bad /
_cThomas Erikson.
264 _aLondon :
_bVermilion,
_c2021.
300 _a328 p. ;
_b20 cm.
653 _aფსიქოლოგია
942 _2udc
_cᲬᲘᲒᲜᲘ